000 00828nam a22002537a 4500
999 _c135210
_d135210
003 0
005 20190306154701.0
008 0
010 _aB-227157
020 _c250.00
_a8189020382
035 _aB-227157 , B-227164 , B-227164,B-227184
037 _bCen Lib/Ret
040 _aDPL
_bEN
_c0
082 _aN
_bGOS
100 _aGoswami, Indira
_995156
245 _aThe man from Chinnamasta /
_cby Indira Goswami ; translated by Prashant Goswami
260 _aNew Delhi
_bKatha
_c1990
270 _aA3, Sarvodya Enclave, Sri Aurobindo Marg
_bNew Delhi
_e110017
300 _a186p.
_b20cm(pbk)
650 _a Assamese fiction -- Translations into English
_995157
650 _aKāmākhya (Hindu deity) -- Cult -- India -- Gauhati -- Fiction
_995158
700 _aGoswami, Prashant
_995159
942 _2ddc
_cEN
_hN
_mGOS